| 000 | 01548nam a2200253Ia 4500 | ||
|---|---|---|---|
| 999 |
_c55243 _d55243 |
||
| 001 | 22319 | ||
| 003 | GE_BSU | ||
| 005 | 20221221160939.0 | ||
| 008 | 181216s2018||||ge |||||||||||||| ||geo|| | ||
| 040 | _cGE_BSU | ||
| 041 | _ageo | ||
| 080 | _a37 ფ-97 | ||
| 100 |
_aფუტკარაძე, დალი _910720 |
||
| 245 |
_aინკლუზიური განათლება სკოლამდელ დაწესებულებაში / _cდალი ფუტკარაძე; სამეცნ. ხელმძღვანელი გ. შერვაშიძე., ი. ბალანჩივაძე;ბსუ. განათლების ფაკულტეტი. პედაგოგიურ მეცნ. დეპარტამენტი |
||
| 264 |
_aბათუმი, _c2018. |
||
| 300 |
_a200 გვ. _b30 სმ. |
||
| 653 | _aინკლუზიური განათლება სკოლამდელ დაწესებულებაში | ||
| 653 | _aპედაგოგიკა | ||
| 653 | _aდისერტაცია | ||
| 700 |
_aშერვაშიძე. გ. _eსამეცნ. ხელმძღვანელი _910721 |
||
| 700 |
_aბალანჩივაძე, ი. _eსამეცნ. ხელმძღვანელი _910722 |
||
| 710 |
_aბსუ _bგანათლების ფაკულტეტი. პედაგოგიურ მეცნ. დეპარტაამენტი _910723 |
||
| 942 |
_cDS _2udc |
||